[Event "Schilcherland op 3rd"]
[Site "Deutschlandsberg"]
[Date "2019.12.30"]
[Round "4"]
[White "Fauland, Peter"]
[Black "Mazi, Leon"]
[Result "1/2-1/2"]
[WhiteElo "2184"]
[BlackElo "2326"]
[PlyCount "77"]
[EventDate "2019.12.28"]
[EventType "swiss"]
[EventRounds "9"]
[EventCountry "AUT"]
[SourceTitle "CBM 194 Extra"]
[Source "ChessBase"]
[SourceDate "2020.03.31"]
[SourceVersion "1"]
[SourceVersionDate "2020.03.31"]
[SourceQuality "1"]

1. d4 f5 2. g3 Nf6 3. Bg2 g6 4. Nd2 d5 5. Ngf3 c5 6. e3 Nc6 7. 0-0 e6 8. a3 Qb6 9. dxc5 Bxc5 10. b4 Be7 11. c4 0-0 12. Bb2 h6 13. Ne5 Kh7 14. Qb3 Nxe5 15. Bxe5 Bd7 16. c5 Qd8 17. Rfc1 Rc8 18. Nf3 Ne4 19. Qb2 Ba4 20. Nd4 Qd7 21. Bxe4 fxe4 22. Qe2 a6 23. Qg4 Bf6 24. f4 exf3 25. Nxf3 Qg7 26. Qd4 Bb5 27. a4 Be2 28. Bxf6 Rxf6 29. Ne5 Rcf8 30. c6 bxc6 31. Rxc6 Rf1+ 32. Rxf1 Bxf1 33. Ng4 Bc4 34. Rxe6 Rf1+ 35. Kg2 Qxd4 36. exd4 Rd1 37. Re7+ Kg8 38. Nxh6+ Kf8 39. Rb7 1/2-1/2

[Event "Schilcherland op 1st"]
[Site "Deutschlandsberg"]
[Date "2018.01.06"]
[Round "9"]
[White "Fauland, Peter"]
[Black "Rozman, Monika"]
[Result "0-1"]
[WhiteElo "2218"]
[BlackElo "2070"]
[PlyCount "74"]
[EventDate "2017.12.29"]
[EventType "swiss"]
[EventRounds "9"]
[EventCountry "AUT"]
[SourceTitle "CBM 182 Extra"]
[Source "ChessBase"]
[SourceDate "2018.02.23"]
[SourceVersion "1"]
[SourceVersionDate "2018.02.23"]
[SourceQuality "1"]

1. d4 f5 2. Nf3 g6 3. h4 Nf6 4. Ng5 c6 5. Qd3 d5 6. h5 Rg8 7. hxg6 hxg6 8. Nc3 Na6 9. a3 Qa5 10. Bd2 Nb4 11. axb4 Qxa1+ 12. Nd1 Qa6 13. Qb3 Qc4 14. Qa3 Qa6 15. Qb3 Qb6 16. Nc3 Qxd4 17. e3 Qe5 18. b5 Bd7 19. Na4 Ne4 20. f4 Qc7 21. Nxe4 fxe4 22. Bc3 cxb5 23. Bxb5 Bxb5 24. Qxb5+ Qc6 25. Qb3 g5 26. f5 b5 27. f6 bxa4 28. Qa2 exf6 29. Bxf6 Bd6 30. Qa1 Qxc2 31. 0-0 Kd7 32. b3 Qxb3 33. Bd4 Raf8 34. Rb1 Qc4 35. Rb7+ Ke6 36. Qd1 Rf1+ 37. Qxf1 Bh2+ 0-1

[Event "Graz-chA"]
[Site "Graz"]
[Date "2012.01.27"]
[Round "6"]
[White "Aschenbrenner, Robert"]
[Black "Fauland, Peter"]
[Result "1-0"]
[WhiteElo "2270"]
[BlackElo "2229"]
[PlyCount "79"]
[EventDate "2012.01.13"]
[EventType "swiss"]
[EventRounds "7"]
[EventCountry "AUT"]
[SourceTitle "EXT 2013"]
[Source "ChessBase"]
[SourceDate "2012.11.22"]
[SourceVersion "1"]
[SourceVersionDate "2012.11.22"]
[SourceQuality "1"]

1. d4 d6 2. Nf3 Nf6 3. c4 Nbd7 4. Nc3 e5 5. g3 Be7 6. Bg2 0-0 7. 0-0 c6 8. e4 a6 9. a4 Re8 10. h3 Qa5 11. Bd2 Qc7 12. Be3 Nf8 13. a5 exd4 14. Nxd4 Ne6 15. Nde2 Nd7 16. f4 b5 17. cxb5 axb5 18. b4 Bb7 19. Rc1 Qd8 20. Qb3 Nc7 21. Rfd1 Bf8 22. Bf2 Rb8 23. Qc2 Na6 24. Rb1 Qe7 25. Nd4 g6 26. e5 d5 27. Na2 Rbc8 28. Qd2 Ndb8 29. Re1 Nc7 30. h4 Ne6 31. Bh3 Nxd4 32. Bxd4 Na6 33. f5 Ra8 34. Rbc1 Qc7 35. Kh2 c5 36. bxc5 Nxc5 37. e6 fxe6 38. fxg6 hxg6 39. Qc2 Rxa5 40. Qxg6+ 1-0

[Event "Graz op-A 17th"]
[Site "Graz"]
[Date "2010.09.02"]
[Round "6"]
[White "Fauland, Peter"]
[Black "Kreiner, Stefan"]
[Result "0-1"]
[WhiteElo "2243"]
[BlackElo "1926"]
[PlyCount "45"]
[EventDate "2010.08.21"]
[EventType "swiss"]
[EventRounds "9"]
[EventCountry "AUT"]
[SourceTitle "CBM 138 Extra"]
[Source "ChessBase"]
[SourceDate "2010.10.29"]
[SourceVersion "1"]
[SourceVersionDate "2010.10.29"]
[SourceQuality "1"]

1. d4 Nf6 2. Bg5 e6 3. c4 Be7 4. Nf3 c5 5. d5 Nxd5 6. cxd5 Bxg5 7. e4 0-0 8. h4 Bf4 9. g3 Bd6 10. e5 Bc7 11. Bd3 f5 12. g4 d6 13. gxf5 exd5 14. e6 Qf6 15. Nbd2 Nc6 16. h5 Ne5 17. Nxe5 dxe5 18. h6 g6 19. Qg4 e4 20. Nxe4 dxe4 21. Bxe4 Ba5+ 22. Kd1 Qxb2 23. Bc2 0-1

[Event "AUT-ch"]
[Site "Vienna"]
[Date "2010.07.27"]
[Round "4"]
[White "Freitag, Manfred"]
[Black "Fauland, Peter"]
[Result "1-0"]
[WhiteElo "2387"]
[BlackElo "2243"]
[PlyCount "79"]
[EventDate "2010.07.24"]
[EventType "swiss"]
[EventRounds "9"]
[EventCountry "AUT"]
[SourceTitle "CBM 137 Extra"]
[Source "ChessBase"]
[SourceDate "2010.09.01"]
[SourceVersion "1"]
[SourceVersionDate "2010.09.01"]
[SourceQuality "1"]

1. d4 Nf6 2. Nf3 d5 3. c4 e6 4. g3 Bb4+ 5. Bd2 Bxd2+ 6. Nbxd2 0-0 7. Bg2 Nbd7 8. Qc2 c6 9. 0-0 Re8 10. e4 Nxe4 11. Nxe4 dxe4 12. Qxe4 Qc7 13. c5 Nf6 14. Qc2 Rd8 15. Rfd1 Qe7 16. Ne5 Nd5 17. Nc4 Bd7 18. Nd6 Be8 19. Bxd5 cxd5 20. b4 Rxd6 21. cxd6 Qxd6 22. Rab1 Bb5 23. Qc5 Qd7 24. Rdc1 Bc4 25. Qa5 Qe7 26. b5 b6 27. Qd2 Qa3 28. Rb2 h6 29. Qc3 Qe7 30. a4 Qf6 31. Qe3 a6 32. bxa6 Rxa6 33. Rb4 Qf5 34. Qe5 Qf3 35. Qe3 Qf5 36. Kg2 Qg6 37. Rc3 Qh5 38. h3 Ra8 39. Qf3 Qg5 40. Rbxc4 1-0

[Event "Graz op-A 16th"]
[Site "Graz"]
[Date "2009.09.02"]
[Round "5"]
[White "Drnovsek, Nejc"]
[Black "Fauland, Peter"]
[Result "1/2-1/2"]
[WhiteElo "2125"]
[BlackElo "2245"]
[PlyCount "55"]
[EventDate "2009.08.29"]
[EventType "swiss"]
[EventRounds "9"]
[EventCountry "AUT"]
[SourceTitle "CBM 132 Extra"]
[Source "ChessBase"]
[SourceDate "2009.11.03"]
[SourceVersion "1"]
[SourceVersionDate "2009.11.03"]
[SourceQuality "1"]

1. d4 d5 2. c4 c6 3. Nf3 Nf6 4. Nc3 dxc4 5. a4 Bf5 6. e3 e6 7. Bxc4 Be7 8. 0-0 Nbd7 9. Qe2 Ne4 10. Nd2 Nxd2 11. Bxd2 Nb6 12. Ba2 Bg6 13. a5 Nd5 14. Bc4 Nb4 15. f4 Qd7 16. Na4 0-0 17. Bc3 Be4 18. Nc5 Bxc5 19. dxc5 Nd5 20. Bd4 f6 21. Rfd1 Qc7 22. a6 b5 23. cxb6 axb6 24. Bxd5 exd5 25. b4 c5 26. bxc5 bxc5 27. Rdc1 c4 28. a7 1/2-1/2

[Event "Graz op-A"]
[Site "Graz"]
[Date "2008.09.06"]
[Round "8"]
[White "Fauland, Peter"]
[Black "Nickl, Klaus"]
[Result "1/2-1/2"]
[WhiteElo "2229"]
[BlackElo "2162"]
[PlyCount "61"]
[EventDate "2008.08.30"]
[EventType "swiss"]
[EventRounds "9"]
[EventCountry "AUT"]
[SourceTitle "CBM 126 Extra"]
[Source "ChessBase"]
[SourceDate "2008.11.05"]
[SourceVersion "1"]
[SourceVersionDate "2008.11.05"]
[SourceQuality "1"]

1. d4 Nf6 2. Nf3 g6 3. g3 Bg7 4. Bg2 d6 5. 0-0 0-0 6. Re1 Nbd7 7. b3 Ne4 8. Bb2 c6 9. Nbd2 Nxd2 10. Qxd2 e5 11. e4 Re8 12. Rad1 Qc7 13. h3 a5 14. c4 a4 15. b4 exd4 16. Bxd4 Ne5 17. Nxe5 dxe5 18. Bc5 Be6 19. Bf1 b6 20. Bd6 Qc8 21. Kh2 f6 22. Qe3 Qb7 23. f4 Rac8 24. Qa3 b5 25. Qc3 Qf7 26. Rd2 exf4 27. gxf4 Bxc4 28. Bxc4 Qxc4 29. Qxc4+ bxc4 30. Rc2 Rcd8 31. Bc5 1/2-1/2

[Event "Graz op-A"]
[Site "Graz"]
[Date "2008.09.01"]
[Round "3"]
[White "Fauland, Peter"]
[Black "Zupe, Miran"]
[Result "1/2-1/2"]
[WhiteElo "2229"]
[BlackElo "2346"]
[PlyCount "33"]
[EventDate "2008.08.30"]
[EventType "swiss"]
[EventRounds "9"]
[EventCountry "AUT"]
[SourceTitle "CBM 126 Extra"]
[Source "ChessBase"]
[SourceDate "2008.11.05"]
[SourceVersion "1"]
[SourceVersionDate "2008.11.05"]
[SourceQuality "1"]

1. d4 Nf6 2. Nf3 d5 3. Bf4 c5 4. e3 Nc6 5. c3 e6 6. Ne5 Qb6 7. Qb3 Nxe5 8. Bxe5 Be7 9. Nd2 Bd7 10. Be2 Bc6 11. 0-0 0-0 12. Bg3 Rac8 13. Rac1 Qa5 14. Qc2 Bb5 15. Bxb5 Qxb5 16. Bh4 Rfe8 17. Nf3 1/2-1/2

[Event "AUT-chT2M 0708"]
[Site "Austria"]
[Date "2008.01.26"]
[Round "6.5"]
[White "Fauland, Peter"]
[Black "Spindelboeck, Gernot"]
[Result "1/2-1/2"]
[WhiteElo "2222"]
[BlackElo "2276"]
[PlyCount "43"]
[EventDate "2007.10.13"]
[EventType "team"]
[EventRounds "11"]
[EventCountry "AUT"]
[SourceTitle "EXT 2009"]
[Source "ChessBase"]
[SourceDate "2008.11.26"]
[SourceVersion "1"]
[SourceVersionDate "2008.11.26"]
[SourceQuality "1"]
[WhiteTeam "Frauental"]
[BlackTeam "Graz Austria"]
[WhiteTeamCountry "AUT"]
[BlackTeamCountry "AUT"]

1. d4 Nf6 2. Nf3 e6 3. c3 d5 4. Bf4 Be7 5. e3 0-0 6. h3 c5 7. Bd3 b6 8. Nbd2 Ba6 9. Bxa6 Nxa6 10. Ne5 Nb8 11. Qf3 Nfd7 12. 0-0 Nxe5 13. Bxe5 Nc6 14. Bh2 cxd4 15. cxd4 Bd6 16. Qe2 Bxh2+ 17. Kxh2 Qd6+ 18. g3 Rfc8 19. Rfc1 Rc7 20. Rc3 Rac8 21. Qa6 Ne7 22. Rac1 1/2-1/2

[Event "Graz op"]
[Site "Graz"]
[Date "2006.09.22"]
[Round "7"]
[White "Fauland, Peter"]
[Black "Ragger, Anna Christina"]
[Result "1-0"]
[WhiteElo "2216"]
[BlackElo "2096"]
[PlyCount "85"]
[EventDate "2006.09.16"]
[EventType "swiss"]
[EventRounds "9"]
[EventCountry "AUT"]
[SourceTitle "CBM 114 Extra"]
[Source "ChessBase"]
[SourceDate "2006.11.03"]
[SourceVersion "1"]
[SourceVersionDate "2006.11.03"]
[SourceQuality "1"]

1. d4 Nf6 2. Nf3 g6 3. g3 Bg7 4. Bg2 c5 5. d5 d6 6. 0-0 b5 7. a4 Qa5 8. Bd2 Qa6 9. Nh4 Nbd7 10. e4 0-0 11. f4 Nb6 12. Re1 Nc4 13. Na3 Nxd2 14. Qxd2 c4 15. Nxb5 Qb6+ 16. Qd4 Qxd4+ 17. Nxd4 Nxd5 18. Nc6 Nc7 19. Nxe7+ Kh8 20. e5 Rb8 21. exd6 Ne6 22. Rab1 Bd4+ 23. Kh1 Rxb2 24. Rxb2 Bxb2 25. Bd5 Bd7 26. Bxc4 Ba3 27. Rd1 Bc5 28. Bb5 Rd8 29. Nf3 f6 30. f5 Nf8 31. Rd5 Bb4 32. fxg6 hxg6 33. Bxd7 Rxd7 34. Nc8 Ne6 35. Nd4 Nd8 36. c4 Nb7 37. Nc6 a5 38. Nxb4 axb4 39. c5 Na5 40. Ne7 b3 41. Rd2 Nb7 42. c6 Rxd6 43. cxb7 1-0

[Event "Graz op"]
[Site "Graz"]
[Date "2005.09.03"]
[Round "1"]
[White "Fauland, Peter"]
[Black "Matosec, Thomas"]
[Result "1/2-1/2"]
[WhiteElo "2264"]
[BlackElo "2060"]
[PlyCount "33"]
[EventDate "2005.09.03"]
[EventType "swiss"]
[EventRounds "9"]
[EventCountry "AUT"]
[SourceTitle "EXT 2007"]
[Source "ChessBase"]
[SourceDate "2006.11.23"]
[SourceVersion "1"]
[SourceVersionDate "2006.11.23"]
[SourceQuality "1"]

1. e4 e6 2. d4 d5 3. exd5 exd5 4. Bd3 c5 5. Qe2+ Be7 6. dxc5 Nf6 7. c3 0-0 8. Be3 Re8 9. Nf3 Bxc5 10. Nd4 Nc6 11. Bb5 Qb6 12. Bxc6 bxc6 13. Qd2 Ne4 14. Qc2 Ba6 15. Nd2 Rab8 16. Nxe4 Rxe4 17. 0-0-0 1/2-1/2

[Event "Calvia U2300 opB"]
[Site "Mallorca"]
[Date "2004.10.26"]
[Round "6"]
[White "Fauland, Peter"]
[Black "Angel Acosta, Juan Carlos"]
[Result "1-0"]
[WhiteElo "2277"]
[BlackElo "2169"]
[PlyCount "57"]
[EventDate "2004.10.22"]
[EventType "swiss"]
[EventRounds "9"]
[EventCountry "ESP"]
[SourceTitle "EXT 2005"]
[Source "ChessBase"]
[SourceDate "2004.11.15"]
[SourceVersion "1"]
[SourceVersionDate "2004.11.15"]
[SourceQuality "1"]

1. e4 c5 2. Nf3 a6 3. d4 cxd4 4. Nxd4 Nc6 5. Nxc6 bxc6 6. Bd3 e5 7. 0-0 Nf6 8. c4 Be7 9. Nc3 d6 10. h3 0-0 11. b3 Nd7 12. Bc2 Nc5 13. Be3 Ne6 14. Qd2 Nf4 15. Rad1 Ne6 16. f4 exf4 17. Bxf4 Nxf4 18. Qxf4 Bf6 19. Ne2 Be5 20. Qe3 c5 21. Rf3 Qh4 22. Rdf1 f6 23. Qd2 Bg4 24. Rf4 h5 25. hxg4 hxg4 26. g3 Qg5 27. Qd5+ Kh7 28. Kg2 Rh8 29. Qf7 1-0

[Event "Donau op 12th"]
[Site "Aschach"]
[Date "2003.12.27"]
[Round "3"]
[White "Priborsky, Ivo"]
[Black "Fauland, Peter"]
[Result "1/2-1/2"]
[WhiteElo "2175"]
[BlackElo "2262"]
[PlyCount "20"]
[EventDate "2003.12.26"]
[EventType "swiss"]
[EventRounds "7"]
[EventCountry "AUT"]
[SourceTitle "CBM 097 Extra"]
[Source "ChessBase"]
[SourceDate "2004.01.13"]
[SourceVersion "1"]
[SourceVersionDate "2004.01.13"]
[SourceQuality "1"]

1. e4 c5 2. Nf3 e6 3. d4 cxd4 4. Nxd4 a6 5. Bd3 d6 6. 0-0 Nc6 7. Nb3 Be7 8. Nc3 b5 9. a3 Bb7 10. Qe2 Ne5 1/2-1/2

[Event "Oberwart op 25th"]
[Site "Oberwart"]
[Date "2003.07.09"]
[Round "5"]
[White "Videki, Sandor"]
[Black "Fauland, Peter"]
[Result "1-0"]
[WhiteElo "2429"]
[BlackElo "2280"]
[PlyCount "55"]
[EventDate "2003.07.05"]
[EventType "swiss"]
[EventRounds "9"]
[EventCountry "AUT"]
[SourceTitle "CBM 095 Extra"]
[Source "ChessBase"]
[SourceDate "2003.09.04"]
[SourceVersion "1"]
[SourceVersionDate "2003.09.04"]
[SourceQuality "1"]

1. e4 c5 2. Nf3 e6 3. d4 cxd4 4. Nxd4 a6 5. Nc3 Nc6 6. g3 Qc7 7. Bg2 b5 8. 0-0 Bb7 9. Re1 b4 10. Nd5 Qa5 11. Nb3 Qd8 12. Be3 exd5 13. exd5 Ne5 14. f4 d6 15. fxe5 dxe5 16. Nc5 Bxc5 17. Bxc5 f6 18. Rxe5+ Kf7 19. Re6 a5 20. Qd4 Qd7 21. Rd6 Qf5 22. Rf1 Qc8 23. Be4 Qg4 24. Bg6+ Qxg6 25. Rd7+ Ke8 26. Qe3+ Kxd7 27. Qe6+ Kc7 28. Bb6+ 1-0